Zasnoubena se smrtí
| Titel: | Zasnoubena se smrtí : na motivy příběhu Ireny Bernáškové, první české ženy popravené nacisty a jejího otce, významného českého grafika Vojtěcha Preissiga / Jana Vrzalová |
|---|---|
| Verfasser: | |
| Ausgabe: | Vydání první |
| Veröffentlicht: | v Brně : Jota, 2017 |
| Umfang: | 331 Seiten, 36 ungezählte Seiten Bildtafeln : Illustrationen, Faksimiles, Porträts (teilweise farbig) |
| Format: | Buch |
| Sprache: | Tschechisch |
| ISBN: | 9788075651860 |
| Hinweise zum Inhalt: |
Inhaltsverzeichnis
|
alg: 43777825 001A $03004:19-10-18 001B $01999:21-10-21 $t14:18:03.000 001D $03004:19-10-18 001U $0utf8 001X $00 002@ $0Aax 002C $aText $btxt $2rdacontent 002D $aohne Hilfsmittel zu benutzen $bn $2rdamedia 002E $aBand $bnc $2rdacarrier 003@ $0437778258 004A $A978-80-7565-186-0 006C $01011419322 $aOCoLC 007A $0BV044576256 $aBVB 007G $0DE0202E581405A05DFF3BC125832E0053CEE9 009P $qapplication/pdf $A2 $3Inhaltsverzeichnis $uhttp://scans.hebis.de/HEBCGI/show.pl?43777825_toc.pdf $mV:DE-603;B:DE-Mb50 010@ $acze 010E $erda 011@ $a2017 $n2017 013D $RBiograf $RLebenslauf $RBiografik $#Biographies $#Biography $#Biographies -- Histoire et critique $#Biographie $#Biographisches Nachschlagewerk $#Lebensbeschreibung $#Berühmte Persönlichkeit Biografie $#Biografisches Nachschlagewerk $74006804-3 $8Biografie [Ts1] $9085010375 013D $71071854844 $8Fiktionale Darstellung [Ts1] $9359645615 021A $aZasnoubena se smrtí $dna motivy příběhu Ireny Bernáškové, první české ženy popravené nacisty a jejího otce, významného českého grafika Vojtěcha Preissiga $hJana Vrzalová 028A $BVerfasser $#Časnochová-Vrzalová, Jana $#Časnochová, Jana $4aut $7114326231X $8Vrzalová, Jana$Z1951- [Tp3] $9419782435 032@ $aVydání první 033A $pv Brně $nJota 033S $pBrünn $4pup 034D $a331 Seiten, 36 ungezählte Seiten Bildtafeln 034M $aIllustrationen, Faksimiles, Porträts (teilweise farbig) 044K $#Orlov, Jaroslav $#Preissig, Adalbert $#Preissig, V. $7121028518 $8Preissig, Vojtěch$Z1873-1944 [Tp1] $9088018997 044K $#Bernášková, Inka $71072494698 $8Bernášková, Irena$Z1904-1942 [Tp3] $9360456901 045F $a909 $eDDC23BSB 045F/01 $a909 045F/03 $a- $g4371 045F/03 $a- $f09044 045F/03 $a- $f09043 045T $aOST $qDE-12 $2FID lok: 43777825 24 exp: 43777825 24 1 #EPN 201B/01 $019-10-18 $t14:12:51.000 201C/01 $013-12-17 201U/01 $0utf8 203@/01 $01012913309 208@/01 $a19-10-18 $bz 209A/01 $a18.02283 $du $f050 $h18 02283 $x00 209C/01 $a18.02283 K $h18 02283 K 209G/01 $a73938627 $x00 220C/01 $akon 247C/01 $8358050-7Marburg, Bibliothek des Herder-Instituts Marburg $9102600961
| LEADER | 00000cam a22000002c 4500 | ||
|---|---|---|---|
| 001 | 437778258 | ||
| 003 | DE-603 | ||
| 005 | 20211021141803.0 | ||
| 007 | tu | ||
| 008 | 181019s2017 xx |||| | u00||u|cze c | ||
| 020 | |a 9788075651860 | ||
| 035 | |a (DE-599)BVBBV044576256 | ||
| 040 | |a DE-603 |b ger |c DE-603 |d DE-603 |e rda | ||
| 041 | |a cze | ||
| 082 | 0 | 4 | |8 1\u |a 909 |q DE-101 |2 23/BSB |
| 084 | |a OST |q DE-12 |2 fid | ||
| 085 | |8 1\u |b 909 | ||
| 085 | |8 1\u |z a |s - | ||
| 085 | |8 1\u |z a |s - | ||
| 085 | |8 1\u |z a |s - | ||
| 100 | 1 | |a Vrzalová, Jana |d 1951- |e Verfasser |4 aut |0 (DE-603)419782435 |0 (DE-588)114326231X |2 gnd | |
| 245 | 0 | 0 | |a Zasnoubena se smrtí |b na motivy příběhu Ireny Bernáškové, první české ženy popravené nacisty a jejího otce, významného českého grafika Vojtěcha Preissiga |c Jana Vrzalová |
| 250 | |a Vydání první | ||
| 264 | 1 | |a v Brně |b Jota |c 2017 | |
| 300 | |a 331 Seiten, 36 ungezählte Seiten Bildtafeln |b Illustrationen, Faksimiles, Porträts (teilweise farbig) | ||
| 336 | |a Text |b txt |2 rdacontent | ||
| 337 | |a ohne Hilfsmittel zu benutzen |b n |2 rdamedia | ||
| 338 | |a Band |b nc |2 rdacarrier | ||
| 600 | 1 | 7 | |a Preissig, Vojtěch |d 1873-1944 |0 (DE-588)121028518 |0 (DE-603)088018997 |2 gnd |
| 600 | 1 | 7 | |a Bernášková, Irena |d 1904-1942 |0 (DE-588)1072494698 |0 (DE-603)360456901 |2 gnd |
| 655 | 7 | |a Biografie |2 gnd-content |0 (DE-588)4006804-3 |0 (DE-603)085010375 | |
| 655 | 7 | |a Fiktionale Darstellung |2 gnd-content |0 (DE-588)1071854844 |0 (DE-603)359645615 | |
| 751 | |a Brünn |4 pup | ||
| 856 | 4 | 2 | |m V:DE-603;B:DE-Mb50 |q application/pdf |u http://scans.hebis.de/HEBCGI/show.pl?43777825_toc.pdf |3 Inhaltsverzeichnis |
| 924 | 0 | |9 Mb 50 |a (DE-603)1012913309 |b DE-Mb50 |c HES |d c |g 18.02283 | |


